000
00239nam a22001097a 4500
082
_a
621.3 KIN'E
100
_a
KING, ROBERT
_9
75713
245
_a
ELECTRICAL NOISE
260
_a
LONDON
_b
CHAPMAN & HALL
_c
1966
300
_a
195P
942
_c
BK
999
_c
583549
_d
583549